The music of what happens/ (Record no. 203846)

MARC details
000 -LEADER
fixed length control field 00546nam a22001937a 4500
005 - DATE AND TIME OF LATEST TRANSACTION
control field 20240702123140.0
010 ## - LCCN (DPL NO)
LC control number B-760011
020 ## - INTERNATIONAL STANDARD BOOK NUMBER
International Standard Book Number 9789354711169
Terms of availability 499.00
035 ## - SYSTEM CONTROL NUMBER
System control number B-760011
037 ## - SOURCE OF ACQUISITION
Source of stock number/acquisition Gift/25.06.24
082 ## - DEWEY DECIMAL CLASSIFICATION NUMBER
Classification number N
100 ## - MAIN ENTRY--PERSONAL NAME
Personal name Konigsberg,bill
245 ## - TITLE STATEMENT
Title The music of what happens/
Statement of responsibility, etc Bill konigsberg
260 ## - PUBLICATION, DISTRIBUTION, ETC. (IMPRINT)
Place of publication, distribution, etc New York
Name of publisher, distributor, etc Scholastic Press
Date of publication, distribution, etc 2021
270 ## - ADDRESS
Address New York
300 ## - PHYSICAL DESCRIPTION
Extent 338 p.
Dimensions 22cm (Pbk)
942 ## - ADDED ENTRY ELEMENTS (KOHA)
Institution code [OBSOLETE] dpl
Item type Children Books
Source of classification or shelving scheme Dewey Decimal Classification
Classification part N
Call number suffix KON
Holdings
Withdrawn status Lost status Not for loan Collection code Home library Current library Date acquired Source of acquisition Cost, normal purchase price Full call number Barcode Copy number Cost, replacement price Koha item type Public note
      Fiction Ashok Vihar Ashok Vihar 01/07/2024 Gift/25.06.2024 499.00 N KON B-760011 1 499.00 Children Books Gift

© Delhi Public Library
Hit Counter
free hit counter